| 000 | 01058cam a22003017a 4500 | ||
|---|---|---|---|
| 999 |
_c25978 _d25978 |
||
| 001 | 15789359 | ||
| 005 | 20170201155102.0 | ||
| 008 | 090624r20101980nyua b 001 0 eng d | ||
| 010 | _a 2009931354 | ||
| 020 | _a9780823016228 (pbk.) | ||
| 020 | _a0823016226 (pbk.) | ||
| 035 | _a(OCoLC)ocn611534494 | ||
| 040 |
_aCLE _cCLE _dDLC |
||
| 042 | _alccopycat | ||
| 050 | 0 | 0 |
_aNC660 _b.K34 2010 |
| 100 | 1 | _aKaupelis, Robert. | |
| 245 | 1 | 0 |
_aExperimental drawing / _cRobert Kaupelis. |
| 250 | _a30th anniversary ed. | ||
| 260 |
_aNew York : _bWatson-Guptill, _c[2010], c1980. |
||
| 300 |
_a192 p. : _bill. ; _c28 cm. |
||
| 500 | _aOriginally published: 1980. | ||
| 504 | _aIncludes bibliographical references (p. 188) and index. | ||
| 650 | 0 |
_aDrawing _xTechnique. |
|
| 942 |
_2lcc _cBOOKS _hNC660 .K34 2010 |
||